|
|
|
|
| LEADER |
00000nbm0a2200000 4500 |
| 001 |
176536 |
| 005 |
20231031165331.0 |
| 029 |
0 |
0 |
|a SU
|b 72045000
|f ТПУ
|
| 035 |
|
|
|a (RuTPU)RU\TPU\book\191382
|
| 090 |
|
|
|a 176536
|
| 100 |
|
|
|a 20100301d1972 k y0rusy50 ca
|
| 101 |
0 |
|
|a rus
|
| 102 |
|
|
|a RU
|
| 105 |
|
|
|a a p 001zy
|
| 200 |
1 |
|
|a Исследования по выбору перспективных схем управления встроенными тормозными электромагнитами постоянного тока
|e Отчет о НИР
|e Тема: № 60/72
|f Томский политехнический институт (ТПИ) ; руководитель Е. В. Кононенко ; В. С. Гринберг
|
| 210 |
|
|
|a Томск
|d 1972
|
| 215 |
|
|
|a 82 л.
|
| 320 |
|
|
|a Библиогр.: с. 53-56.
|
| 610 |
1 |
|
|a отчеты о НИР
|
| 610 |
1 |
|
|a постоянный ток
|
| 610 |
1 |
|
|a встроенные тормозные электромагниты
|
| 610 |
1 |
|
|a перспективные схемы
|
| 610 |
1 |
|
|a управление
|
| 675 |
|
|
|a 621.318.2(04)
|v 3
|
| 702 |
|
1 |
|a Кононенко
|b Е. В.
|4 673
|
| 702 |
|
1 |
|a Гринберг
|b В. С.
|4 677
|
| 712 |
0 |
2 |
|a Томский политехнический институт (ТПИ)
|c (1944-1991)
|2 stltpush
|3 (RuTPU)RU\TPU\col\1123
|4 595
|
| 801 |
|
1 |
|a RU
|b 63413507
|c 20100301
|
| 942 |
|
|
|c BK
|